<?xml version="1.0" encoding="UTF-8"?>
<record
    xmlns:xsi="http://www.w3.org/2001/XMLSchema-instance"
    xsi:schemaLocation="http://www.loc.gov/MARC21/slim http://www.loc.gov/standards/marcxml/schema/MARC21slim.xsd"
    xmlns="http://www.loc.gov/MARC21/slim">

  <leader>01112nam a2200253 a 4500</leader>
  <controlfield tag="001">BRCA_1047</controlfield>
  <controlfield tag="005">20190320203246.0</controlfield>
  <controlfield tag="008">100408s1990----ck-a######---#000-0#spa-#</controlfield>
  <datafield tag="020" ind1=" " ind2=" ">
    <subfield code="a">9583355178</subfield>
  </datafield>
  <datafield tag="041" ind1=" " ind2=" ">
    <subfield code="a">spa</subfield>
  </datafield>
  <datafield tag="044" ind1=" " ind2=" ">
    <subfield code="a">ck</subfield>
  </datafield>
  <datafield tag="050" ind1=" " ind2="4">
    <subfield code="a">ND1293</subfield>
    <subfield code="b">.B67 1990</subfield>
  </datafield>
  <datafield tag="100" ind1="1" ind2=" ">
    <subfield code="a">Borja G&#xF3;mez, Jaime Humberto</subfield>
    <subfield code="9">3454</subfield>
  </datafield>
  <datafield tag="245" ind1="1" ind2="0">
    <subfield code="a">El cuerpo y la m&#xED;stica</subfield>
    <subfield code="c">Jaime Humberto Borja G&#xF3;mez.</subfield>
  </datafield>
  <datafield tag="260" ind1=" " ind2=" ">
    <subfield code="a">Bogot&#xE1;</subfield>
    <subfield code="b">Ministerio de Cultura : Alcald&#xED;a Mayor de Bogot&#xE1;</subfield>
    <subfield code="c">[1990?]</subfield>
  </datafield>
  <datafield tag="300" ind1=" " ind2=" ">
    <subfield code="a">46 p.</subfield>
    <subfield code="b">il. a color</subfield>
    <subfield code="c">29 cm.</subfield>
  </datafield>
  <datafield tag="500" ind1=" " ind2=" ">
    <subfield code="a">Cat&#xE1;logo de la exposici&#xF3;n El cuerpo y la m&#xED;stica realizada en el Museo de Arte Colonial (Bogot&#xE1;) y de la exposici&#xF3;n Las visiones de Jer&#xF3;nima ... realizada en el Museo Iglesia Santa Clara (Bogot&#xE1;)</subfield>
  </datafield>
  <datafield tag="501" ind1=" " ind2=" ">
    <subfield code="a">Con : Las visiones de Jer&#xF3;nima : encarnados de amor m&#xED;stico / Mar&#xED;a Costanza Toquica Clavijo</subfield>
  </datafield>
  <datafield tag="650" ind1="1" ind2="4">
    <subfield code="a">Figura humana</subfield>
    <subfield code="x">En la pintura</subfield>
    <subfield code="9">3455</subfield>
  </datafield>
  <datafield tag="650" ind1="1" ind2="4">
    <subfield code="a">Pintura barroca</subfield>
    <subfield code="y">Siglo XVII</subfield>
    <subfield code="z">Nueva Granada (Colombia)</subfield>
    <subfield code="9">3456</subfield>
  </datafield>
  <datafield tag="700" ind1="1" ind2=" ">
    <subfield code="a">Toquica Clavijo, Mar&#xED;a Costanza</subfield>
    <subfield code="9">3457</subfield>
  </datafield>
  <datafield tag="740" ind1="0" ind2=" ">
    <subfield code="a">Las visiones de Jer&#xF3;nima : encarnados de amor m&#xED;stico</subfield>
  </datafield>
  <datafield tag="942" ind1=" " ind2=" ">
    <subfield code="2">lcc</subfield>
    <subfield code="c">B</subfield>
  </datafield>
  <datafield tag="999" ind1=" " ind2=" ">
    <subfield code="c">926</subfield>
    <subfield code="d">926</subfield>
  </datafield>
  <datafield tag="952" ind1=" " ind2=" ">
    <subfield code="0">0</subfield>
    <subfield code="1">0</subfield>
    <subfield code="4">0</subfield>
    <subfield code="7">0</subfield>
    <subfield code="a">BRCA</subfield>
    <subfield code="b">BRCA</subfield>
    <subfield code="d">2008-06-26</subfield>
    <subfield code="l">0</subfield>
    <subfield code="o">ND1293 .B67 1990</subfield>
    <subfield code="p">01534</subfield>
    <subfield code="r">2019-03-22 00:00:00</subfield>
    <subfield code="w">2019-03-22</subfield>
    <subfield code="y">B</subfield>
  </datafield>
</record>
